LEADER 02261nam0 22004093i 450 001 PUV0188435 005 20251003044311.0 020 $aIT$b77-9475 100 $a20111018d1977 ||||0itac50 ba 101 | $aita$cita 102 $ait 181 1$6z01$ai $bxxxe 182 1$6z01$an 183 1$6z01$anc$2RDAcarrier 200 1 $aSviluppo economico e strutture finanziarie in Italia$fa cura di Guido Carli 210 $aBologna$cIl Mulino$d[1977] 215 $a471 p.$d22 cm 225 | $aStudi e ricerche$v69 300 $aScritti di vari tratti dall'attivitą del gruppo di lavoro su Lo sviluppo economico italiano e le strutture finanziarie atte a sostenerlo, costituito presso l'Ente per gli Studi Monetari, Bancari e Finanziari L. Einaudi di Roma 410 0$1001CFI0001423$12001 $aStudi e ricerche$v69 500 11$aSviluppo economico e strutture finanziarie in Italia$3TSA1814705$9421187 676 $a330.945$9SITUAZIONI E CONDIZIONI ECONOMICHE. Italia$v20 676 $a332.01$9ECONOMIA FINANZIARIA. Filosofia e teoria$v23 676 $a332.0945$9ECONOMIA FINANZIARIA. Italia$v21 676 $a338.945$9SVILUPPO ECONOMICO. Italia$v21 676 $a338.945$9SVILUPPO E CRESCITA ECONOMICA. Italia$v23 686 $aSe.i.0$cStoria dell'economia italiana. Opere generali$2F 702 1$aCarli$b, Guido$f <1914-1993>$3CFIV079206 801 3$aIT$bIT-000000$c20111018 850 $aIT-BN0095 $aIT-SA0252 901 $bNAP 83$cDIM $n$ 901 $bNAP 01$cPOZZO LIB.$nVi sono collocati fondi di economia, periodici di ingegneria e scienze, periodici di economia e statistica e altri fondi comprendenti documenti di economia pervenuti in dono. 912 $aPUV0188435 950 0$aBiblioteca Centralizzata di Ateneo$c1 v. in due copie$d 01POZZO LIB.F. PARRAVICINI 235$e 0101 0600161045E VMA 1 v. (Precedente collocazione P 249)$fB $h20220908$i20220908$c1 v. in due copie$d 01POZZO LIB.F. PARRAVICINI 235$e 0101 0600170195E VMA (bis 1 v. (2. copia. - Precedente collocazione P. 1162)$fB $h20050930$i20231109 977 $a 01$a 83 996 $aSviluppo economico e strutture finanziarie in Italia$9421187 997 $aUNISANNIO